| 000 | 00672nam a22001697a 4500 | ||
|---|---|---|---|
| 999 |
_c15255 _d15255 |
||
| 008 | 200312b ||||| |||| 00| 0 eng d | ||
| 082 |
_22020 _aUT 1476 _bG15 |
||
| 100 |
_aGantalao, Walter Dave F. _942060 |
||
| 245 |
_aTracer Study of Criminology Graduates (2013-2018) of UM Digos College/ _cWalter Dave F. Gantalao, Harold James T. Yting & Jummer P. Caminade |
||
| 260 |
_aDigos City _bUMDC _cJanuary 2020 |
||
| 300 |
_a52 pages _c30 cm |
||
| 650 |
_aCriminal Justice Education _vCriminology _xUndergraduate Thesis _933107 |
||
| 700 |
_aGantalao, Walter Dave F. _942060 |
||
| 700 |
_aYting, Harold James T. _942061 |
||
| 700 |
_aCaminade, Jummer P. _942062 |
||
| 942 |
_2ddc _cUT |
||